000
00322nam a22001457a 4500
003
SGT
082
_a
617.7
_b
C16A
100
_a
AGRRWAL, M. L.
245
_a
CLINICAL EXAMINATION OF OPHTHALMIC CASES
250
_a
3RD
260
_a
INDIA
_b
CBS
_c
2016
300
_a
350
650
_a
OPHTHALMOLOGY
942
_2
ddc
_c
BK
_0
7
999
_c
14627
_d
14627